Historia del derecho romano (Registro nro. 171842)

Detalles MARC
000 -ENCABEZADO
Número de control [NR] 03260caa a2200313 a 4500
005 - FECHA Y HORA DE LA ÚLTIMA TRANSACCIÓN
control field 20140903174916.0
006 - DE LONGITUD FIJA DE DATOS ELEMENTOS - CARACTERÍSTICAS ADICIONALES DEL MATERIAL - INFORMACIÓN GENERAL
fixed length control field a
008 - DE LONGITUD FIJA DE DATOS DE ELEMENTOS - INFORMACIÓN GENERAL
Elementos de longitud fija [NR] 940627s1850 sp fr 001 0 spa d
035 ## - NUMERO DE CONTROL DEL SISTEMA [R]
Número de control del sistema [NR] 21GAD
040 ## - FUENTE DE CATALOGACION [NR]
Agencia de catalogación original [NR] UCAR
Quien Cataloga Sandra Yazo (modificó)
Quien Clasifica Sandra Yazo (modificó)
041 1# - CODIGO DE IDIOMA [R]
Código de idioma para texto/pista de sonido o título separado [R] Español
082 04 - NUMERO DE CLASIFICACION DECIMAL DEWEY [R]
Número de la edición [NR] 20
Número de clasificación [R] 340.54
092 ## - SIGNATURA TOPOGRAFICA LOCAL
Número de clasificación local E28N028
100 1# - ASIENTO PRINCIPAL--NOMBRE PERSONAL [NR]
Nombre personal [NR] Hugo, Gustav
Fechas asociadas con el nombre [NR] 1764-1844
ID Autoridad 41646
245 10 - MENCION DE TITULO [NR]
Título [NR] Historia del derecho romano
Mención de responsabilidad, etc. [NR] por Gustavo Hugo ... ; Traducida al castellano por D. Manuel Casado Tello
260 0# - PUBLICACION, DISTRIBUCION, ETC. (PIE DE IMPRENTA) [R]
Lugar de publicación, distribución, etc. [R] Madrid
Nombre del editor, distribuidor, etc. [R] establecimiento tipográfico de D. R. R. de Rivera
Fecha de publicación, distribución, etc. [R] 1850
300 ## - DESCRIPCION FISICA [R]
Extensión [R] 552, [1] p.
Dimensiones [R] 23 x 15 cn.
490 ## - MENCION DE SERIE [R]
Mención de serie [R] Biblioteca de jurisprudencia y legislación
500 ## - NOTA GENERAL [R]
Nota general [NR] Detalles físicos: Encuadernación rígida en cartón forrada en tela, lomo con tejuelo, letras y adornos en dorado. Tapas con residuos de cinta. Guardas en papel de agua. Anteportada. Portada impresa en una tinta con varios sellos de tinta. Texto impreso en una columna, márgenes amplios. Varias citas y notas entre el texto. Papel manchado.
505 2# - NOTA DE CONTENIDO CON FORMATO PREESTABLECIDO [R]
Nota de contenido con formato preestablecido [NR] Introducción. Historia del derecho. ; Historia exterior é interior del derecho. ; Fuentes de la historia del derecho romano. ; Escritores griegos. ; Clásicos latinos no jurisconsultos. ; Que consideración mereció para los romanos la historia del derecho. ; Justiniano. ; Insuficiencia de estas fuentes. ; Historia de la historia del derecho -- Historia del derecho Romano: Desde la fundación de Roma hasta las doce tablas. ; Historia de las fuentes. ; Historia de la cultura de la ciencia del derecho. ; El derecho romano considerado en sí mismo al fin de este periodo. ; Derecho privado. ; Derecho de ciudad. ; Tutela y curaduría. ; Sección de las cosas. ; Sección de las obligaciones. ; Derecho Público: Derecho político. ; Instituciones concernientes particularmente al orden público -- Desde las doce tablas hasta Cicerón. ; Historia de las fuentes. ; Historia de la cultura de la ciencia del derecho. ; El derecho romano considerado en sí mismo al fin de este periodo. ; Derecho público. ; Instituciones relativas particularmente al orden público -- Desde Cicerón hasta Alejandro Severo: Historia de las fuentes. ; Derecho civil. ; Tutela y curaduría. ; Sección de las obligaciones. ; Derecho público. ; Consideraciones relativas particularmente al orden público – Desde Alejandro Severo hasta Justiniano. ; Historia de las fuentes. ; Historia de la cultura de la ciencia del derecho. ; El derecho romano considerado en sí mismo al fin de este periodo. ; Derecho civil. ; Sección de las personas. ; Sección de las cosas. ; Sección de las obligaciones. ; Derecho público. ; Instituciones relativas en particular al orden público.
506 ## - NOTA DE RESTRICCIONES DE ACCESO [R]
Condiciones de acceso [NR] Consulta en sala
650 #7 - ASIENTO SECUNDARIO DE MATERIA - TERMINO TEMATICO [R]
Término temático o nombre geográfico como elemento de entrada [NR] Derecho romano
Subdivisión general [R] Historia
9 (RLIN) 27933
690 ## - ASUNTO AGREGADO LOCAL DE ENTRADA - TÉRMINO TEMÁTICO (OCLC, RLIN)
Acceso temático local Derecho
700 1# - ASIENTO SECUNDARIO - NOMBRE PERSONAL [R]
Nombre personal [NR] Casado Tello, Manuel
9 (RLIN) 41648
700 1# - ASIENTO SECUNDARIO - NOMBRE PERSONAL [R]
Nombre personal [NR] Foucelet, f.
9 (RLIN) 41649
700 1# - ASIENTO SECUNDARIO - NOMBRE PERSONAL [R]
Nombre personal [NR] Jourdan
9 (RLIN) 41647
856 4# - LOCALIZACION Y ACCESO ELECTRONICOS [R]
Identificador Uniforme del Recurso (“URI”) [R] <a href="http://books.google.com.co/books?id=Pxh1xuAX8q8C&printsec=frontcover&dq=Historia+del+derecho+romano+1850&hl=es&sa=X&ei=Knb2UZvKEIWE8gTx7YHwBg&ved=0CCwQ6AEwAA#v=onepage&q=Historia%20del%20derecho%20romano%201850&f=false">http://books.google.com.co/books?id=Pxh1xuAX8q8C&printsec=frontcover&dq=Historia+del+derecho+romano+1850&hl=es&sa=X&ei=Knb2UZvKEIWE8gTx7YHwBg&ved=0CCwQ6AEwAA#v=onepage&q=Historia%20del%20derecho%20romano%201850&f=false</a>
Nota dirigida al público [R] Disponible en línea
942 ## - ELEMENTOS DE ENTRADA AGREGADOS (KOHA)
Tipo de ítem principal el descrito en 300a Libro
Edición 1
Sistema de clasificación DEWEY
Clasificación 340.54
Existencias
Suprimido Perdido Sistema de clasificación Dañado No prestable Tipo de ítem específico Ubicación habitual Ubicación actual Localización Fecha de creación Forma de adquisición Costo Total préstamos Signatura topográfica Código de barras Última vez visto Ejemplar Price effective from Tipo de ítem
    LOCAL     Libro archivo Archivo Histórico Archivo Histórico Archivo histórico 29/07/2013 Donación 0.00   E28N028 L004006 29/07/2013 Ej.1 29/07/2013 Libro